000 00396nam a2200169Ia 4500
008 170705s9999 xx 000 0 und d
020 _a9780440406730
245 _aSing down the moon /
245 _cScott O'Dell.
260 _aNew York :
260 _bA Yearling books,
260 _c1970
300 _a137 pages :
300 _bcolor illustration ;
300 _c19cm.
500 _a820
999 _c336389
_d336389